[Event "15th Governor Cup 2019"]
[Site "Khanty-Mansiysk"]
[Date "2019.11.25"]
[Round "9.20"]
[White "Ryabov, Georgi"]
[Black "Voskresenskaya, Marta"]
[Result "1-0"]
[WhiteElo "1887"]
[BlackElo "1859"]
[Annotator "NA"]
[PlyCount "69"]
[EventDate "2019.11.19"]
[EventType "swiss"]
[EventCountry "RUS"]
[SourceTitle "playchess.com"]
[Source "ChessBase"]
[SourceQuality "1"]
[TimeControl "5400+30"]

1. c4 {[%emt 0:00:00]} c5 {[%emt 0:00:06]} 2. g3 {[%emt 0:00:00]} Nf6 {[%emt 0:00:16]} 3. Bg2 {[%emt 0:00:00]} d5 {[%emt 0:00:14]} 4. cxd5 {[%emt 0:03:49]} Nxd5 {[%emt 0:00:08]} 5. Nc3 {[%emt 0:00:09]} Nc7 {[%emt 0:00:09]} 6. Nf3 {[%emt 0:00:05]} Nc6 {[%emt 0:00:07]} 7. O-O {[%emt 0:00:06]} e5 {[%emt 0:00:07]} 8. d3 {[%emt 0:00:08]} Be7 {[%emt 0:01:01]} 9. Ne1 {[%emt 0:02:16]} O-O {[%emt 0:03:58]} 10. Nc2 {[%emt 0:00:46]} Be6 {[%emt 0:03:02]} 11. f4 {[%emt 0:03:35]} exf4 {[%emt 0:04:56]} 12. gxf4 {[%emt 0:00:17]} Qd7 {[%emt 0:01:18]} 13. e4 {[%emt 0:10:43]} Bg4 {[%emt 0:02:57]} 14. Qd2 {[%emt 0:01:39]} Rad8 {[%emt 0:01:47]} 15. Nd5 {[%emt 0:00:16]} Nxd5 {[%emt 0:02:27]} 16. exd5 {[%emt 0:00:41]} Nb4 {[%emt 0:00:43]} 17. Nxb4 {[%emt 0:01:32]} cxb4 {[%emt 0:00:18]} 18. Qe3 {[%emt 0:00:38]} b6 {[%emt 0:03:41]} 19. Qg3 {[%emt 0:02:38]} Bc5+ {[%emt 0:03:43]} 20. Be3 {[%emt 0:02:58]} Bxe3+ {[%emt 0:01:12]} 21. Qxe3 {[%emt 0:00:08]} Rfe8 {[%emt 0:00:13]} 22. Qg3 {[%emt 0:00:10]} Re2 {[%emt 0:17:34]} 23. Rf2 {[%emt 0:04:53]} Rxf2 {[%emt 0:00:23]} 24. Qxf2 {[%emt 0:00:07]} Bh3 {[%emt 0:01:34]} 25. Be4 {[%emt 0:00:39]} f5 {[%emt 0:03:23]} 26. Bf3 {[%emt 0:00:13]} Bg4 {[%emt 0:00:20]} 27. Bg2 {[%emt 0:00:05]} Qb5 {[%emt 0:05:47]} 28. h3 {[%emt 0:03:03]} Bh5 {[%emt 0:12:58]} 29. Qh4 {[%emt 0:00:08]} Re8 {[%emt 0:00:04]} 30. Qxh5 {[%emt 0:00:10]} Qc5+ {[%emt 0:00:04]} 31. Kh1 {[%emt 0:00:38]} Qe3 {[%emt 0:01:24]} 32. Rf1 {[%emt 0:00:37]} g6 {[%emt 0:00:13]} 33. Qf3 {[%emt 0:00:05]} Qd4 {[%emt 0:00:03]} 34. d6 {[%emt 0:01:02]} Qxd6 {[%emt 0:02:34]} 35. Qd5+ {[%emt 0:00:07]} 1-0

[Event "15th Governor Cup 2019"]
[Site "Khanty-Mansiysk"]
[Date "2019.11.25"]
[Round "9.21"]
[White "Mukhina, Jana"]
[Black "Kochukova, Anna"]
[Result "1-0"]
[WhiteElo "2105"]
[BlackElo "2117"]
[Annotator "TA"]
[PlyCount "146"]
[EventDate "2019.11.19"]
[EventType "swiss"]
[EventCountry "RUS"]
[SourceTitle "playchess.com"]
[Source "ChessBase"]
[SourceQuality "1"]

{[%evp 12,146,33,37,21,12,31,20,20,16,55,0,22,18,20,-28,-6,-172,-168,-181,-188,-183,-184,-198,-198,-189,-195,-227,-180,-189,-191,-197,-135,-116,-93,-87,0,0,0,0,1,8,13,0,0,-86,-8,-133,-122,-102,-102,-134,-133,-163,-131,-276,-304,-363,-354,-341,-192,-162,0,0,0,0,0,0,0,0,0,0,8,5,7,7,8,8,31,37,37,15,86,82,128,125,164,25,25,25,25,25,25,25,25,25,25,25,25,25,25,25,25,25,422,422,422,422,1854,1816,1802,1760,1553,1459,1802,1701,29973,1327,29972,29972,29973,29975,29976,29976,5289,2397,29974,29973,29963,29965,29962,29957,29982,29983,29983,29983,29980]} 1. d4 Nf6 2. c4 e6 3. Nc3 Bb4 4. Qb3 c5 5. dxc5 Bxc5 6. Nf3 Nc6 7. Bg5 Be7 {E23: Nimzo-Indian: 4 Qb3 c5 5 dxc5 Nc6} (7... Qb6 8. Qxb6 Bxb6 9. e3 Ba5 10. Bxf6 gxf6 11. Rc1 b6 12. Be2 Bb7 13. O-O Bxc3 14. Rxc3 Rg8 15. g3 {½-½ (48) Anastasian,A (2550)-Zaichik,G (2550) Yerevan 1996}) 8. e4 Qc7 $146 ({Predecessor:} 8... Qa5 9. Bd2 Qc7 10. Be2 O-O 11. Rc1 d6 12. O-O b6 13. Bf4 Ne5 14. Nd4 Bb7 15. Ndb5 {1-0 (46) Eliet,N (2398)-Hareux,H (2211) France 2001}) 9. Be2 O-O {The position is equal.} 10. O-O b6 11. Rac1 (11. Rfd1 $14) 11... Bb7 12. Nb5 Qb8 13. Nc3 (13. Bxf6 $5 gxf6 14. Qd3 $11) 13... Ng4 14. Bxe7 $2 (14. g3 $1 $11) 14... Nd4 $1 $19 {[%cal Rd4f3] ( -> ...Nxf3+)} 15. Bd6 Qxd6 16. e5 Nxb3 17. exd6 Nxc1 18. Rxc1 Rac8 19. Nb5 a6 20. Nc7 Nf6 21. Ne5 Rfd8 ({Black should play} 21... Ne4 $19 22. Rd1 Rfd8) 22. b4 $17 Ne8 23. Nxe8 Rxe8 (23... f6 $17 24. Nxf6+ gxf6) 24. Nxd7 $11 Rcd8 25. Nxb6 Rxd6 26. c5 Rd2 27. Bf3 Red8 {aiming for ...Bxf3.} 28. Nc4 (28. Kf1 $1 $11 Bxf3 29. gxf3 Rd1+ 30. Rxd1 Rxd1+ 31. Ke2) 28... R2d4 (28... Rxa2 $17 {Strongly threatening ...Bxf3.} 29. Bxb7 Rc2) 29. Nd6 (29. Be2 $11) 29... Bxf3 $17 30. gxf3 {[%mdl 4096] Endgame KRR-KRN} Kf8 ({Not} 30... Rxb4 $2 31. c6 $18) 31. Kg2 Ke7 ({Reject} 31... Rxb4 $6 32. c6 $11) 32. Nc4 Rc8 33. a4 (33. a3 $17 {is a better defense.}) 33... Rc7 $19 34. a5 f6 35. Kg3 Rb7 (35... Kd7 $142 {Threatens to win with ...Kc6.} 36. f4 Kc6) 36. Nb6 Rxb4 $2 (36... Kd8 $1 $19 37. c6 Ra7) 37. c6 $1 $11 {[%cal Rc6b7]} Rc7 38. Na8 $1 {[%cal Ra8c7]} Ra7 39. Nb6 $1 {[%cal Rb6c8] Hoping for Nc8+.} Rc7 {...Kd6 is the strong threat.} 40. Na8 $1 {[%cal Ra8c7]} Rc8 41. Nb6 Kd8 {White should prevent ...Rc7.} (41... Rc7 $5 42. Na8 $8 $11) 42. Rd1+ Kc7 {White must now prevent ...Rd8.} 43. Nxc8 Kxc8 {KR-KR} 44. Rd7 Rb5 45. Rxg7 h5 46. Rf7 Rf5 (46... Rg5+ $11 {keeps the balance.} 47. Kf4 Rf5+ 48. Ke3 Re5+ 49. Kd4 Rd5+ 50. Ke3 Re5+ 51. Kd4 Rd5+ 52. Ke3 Re5+) 47. f4 $1 $16 Kb8 48. h4 Kc8 {[#]} 49. f3 (49. Re7 $1 $18) 49... Kb8 $11 50. Re7 {And now c7+ would win.} Rxa5 51. Rxe6 Rf5 $1 52. c7+ {[%mdl 64] Discovered Attack} Kxc7 53. Rxa6 Kd7 54. Ra7+ Ke6 55. Rh7 Kd5 56. Re7 Kd4 57. Re4+ Kd3 $2 {[%mdl 8192] [#]} (57... Kc5 $11 {and Black is okay.}) 58. Kf2 $1 $18 Ra5 59. Re6 Rf5 (59... Kc4 $142 60. Rxf6 Kd4 61. Rd6+ Kc4) 60. Rd6+ Kc4 61. Ke3 Ra5 62. Rxf6 Ra8 63. Rf5 Rh8 64. Ke4 (64. Re5 $142 Rh7 65. f5 Rf7 66. Kf4 Kd4 67. Re4+ Kc5 68. Kg5 Ra7 69. f6) 64... Kc3 65. Re5 Rh6 66. f5 Ra6 67. Re6 Ra4+ 68. Ke3 (68. Ke5 $142 Ra8 69. f6 Ra5+ 70. Kf4) 68... Ra1 69. Rc6+ {White mates.} Kb4 70. f6 Kb5 71. f7 Ra8 72. Rf6 Rf8 73. Ke4 Kc5 {Accuracy: White = 58%, Black = 44%.} 1-0

[Event "15th Governor Cup 2019"]
[Site "Khanty-Mansiysk"]
[Date "2019.11.25"]
[Round "9.22"]
[White "Martynyuk, Elizaveta"]
[Black "Dorofeeva, Nyurguiaana"]
[Result "1-0"]
[WhiteElo "2020"]
[BlackElo "1848"]
[Annotator "NA"]
[PlyCount "111"]
[EventDate "2019.11.19"]
[EventType "swiss"]
[EventCountry "RUS"]
[SourceTitle "playchess.com"]
[Source "ChessBase"]
[SourceQuality "1"]
[TimeControl "5400+30"]

1. e4 {[%emt 0:06:25]} e5 {[%emt 0:00:00]} 2. Nf3 {[%emt 0:00:04]} Nc6 {[%emt 0:00:00]} 3. Bc4 {[%emt 0:00:12]} Bc5 {[%emt 0:00:06]} 4. c3 {[%emt 0:00:19]} Nf6 {[%emt 0:00:22]} 5. d3 {[%emt 0:00:07]} O-O {[%emt 0:00:10]} 6. O-O {[%emt 0:00:20]} d5 {[%emt 0:00:39]} 7. exd5 {[%emt 0:00:10]} Nxd5 {[%emt 0:00:06]} 8. Nbd2 {[%emt 0:00:18]} Nb6 {[%emt 0:00:44]} 9. Bb5 {[%emt 0:01:51]} Bd6 {[%emt 0:01:18]} 10. Ne4 {[%emt 0:03:52]} h6 {[%emt 0:01:37]} 11. Re1 {[%emt 0:03:42]} f5 {[%emt 0:04:36]} 12. Qb3+ {[%emt 0:04:49]} Kh8 {[%emt 0:00:33]} 13. Ng3 {[%emt 0:00:15]} Qf6 {[%emt 0:08:08]} 14. Bd2 {[%emt 0:05:04]} Be6 {[%emt 0:06:45]} 15. c4 {[%emt 0:00:22]} Nd7 {[%emt 0:01:30]} 16. Bxc6 {[%emt 0:06:43]} bxc6 {[%emt 0:00:09]} 17. Bc3 {[%emt 0:00:06]} Bf7 {[%emt 0:04:25]} 18. Re2 {[%emt 0:01:38]} Bg6 {[%emt 0:07:24]} 19. Rae1 {[%emt 0:00:27]} Rae8 {[%emt 0:00:27]} 20. Qd1 {[%emt 0:01:32]} h5 {[%emt 0:05:32]} 21. h4 {[%emt 0:00:22]} c5 {[%emt 0:03:07]} 22. Qa4 {[%emt 0:02:08]} Nb6 {[%emt 0:13:19]} 23. Qxa7 {[%emt 0:02:20]} Ra8 {[%emt 0:03:43]} 24. Qb7 {[%emt 0:00:45]} Rfb8 {[%emt 0:01:52]} 25. Qc6 {[%emt 0:12:25]} Be8 {[%emt 0:03:25]} 26. Qxa8 {[%emt 0:00:22]} Rxa8 {[%emt 0:00:21]} 27. Nxe5 {[%emt 0:00:17]} f4 {[%emt 0:10:09]} 28. Nf3 {[%emt 0:00:39]} Qf8 {[%emt 0:00:52]} 29. Nf5 {[%emt 0:00:55]} Qxf5 {[%emt 0:06:48]} 30. Rxe8+ {[%emt 0:00:05]} Rxe8 {[%emt 0:00:04]} 31. Rxe8+ {[%emt 0:00:04]} Bf8 {[%emt 0:02:29]} 32. Ne5 {[%emt 0:02:05]} Kg8 {[%emt 0:01:24]} 33. Rd8 {[%emt 0:00:44]} Kh7 {[%emt 0:02:09]} 34. Nf3 {[%emt 0:01:11]} Be7 {[%emt 0:02:19]} 35. Re8 {[%emt 0:01:36]} Qd7 {[%emt 0:00:43]} 36. Rb8 {[%emt 0:00:13]} Qxd3 {[%emt 0:01:13]} 37. Rb7 {[%emt 0:00:34]} Qd1+ {[%emt 0:02:17]} 38. Kh2 {[%emt 0:00:08]} Bd6 {[%emt 0:00:40]} 39. b3 {[%emt 0:01:13]} Qe2 {[%emt 0:01:20]} 40. a4 {[%emt 0:00:16]} Qxf2 {[%emt 0:03:21]} 41. a5 {[%emt 0:00:12]} Nd7 {[%emt 0:00:08]} 42. a6 {[%emt 0:03:39]} Ne5 {[%emt 0:02:46]} 43. Bxe5 {[%emt 0:00:24]} Bxe5 {[%emt 0:00:03]} 44. a7 {[%emt 0:00:20]} Qg3+ {[%emt 0:00:15]} 45. Kh1 {[%emt 0:00:12]} g5 {[%emt 0:02:13]} 46. a8=Q {[%emt 0:01:10]} gxh4 {[%emt 0:00:34]} 47. Qe8 {[%emt 0:00:20]} Bg7 {[%emt 0:00:43]} 48. Qxh5+ {[%emt 0:00:06]} Kg8 {[%emt 0:00:08]} 49. Rb8+ {[%emt 0:00:07]} Bf8 {[%emt 0:00:06]} 50. Qd5+ {[%emt 0:00:13]} Kg7 {[%emt 0:00:26]} 51. Qe5+ {[%emt 0:00:38]} Kh6 {[%emt 0:00:37]} 52. Rxf8 {[%emt 0:00:13]} h3 {[%emt 0:00:09]} 53. Qh8+ {[%emt 0:00:10]} Kg6 {[%emt 0:00:06]} 54. Qf6+ {[%emt 0:00:06]} Kh5 {[%emt 0:00:10]} 55. Rh8+ {[%emt 0:00:03]} Kg4 {[%emt 0:00:07]} 56. Ne5# {[%emt 0:00:03]} 1-0